000 00310nam a2200133Ia 4500
008 191201s2001 xx 000 0 und d
100 _aGILL,P S
245 0 _aEngineering Drawing
250 _a-
260 _c2001
_bS K Kataria and Sons
_aN.Delhi
300 _a710
650 _aAPPLIED
942 _2ddc
_cBB
_0130
999 _c7223
_d7223